Loading...
| Fine Arts - Auditory | 0 | 7 | 1 | 0 | 65 | 73 | 112.14 | 3 | 7 | 0.00 | 0.00 |
| Fine Arts - Visual | 1 | 5 | 2 | 1 | 55 | 63 | 96.00 | 4 | 6 | 0.00 | 0.00 |
| Religion | 0 | 4 | 0 | 0 | 40 | 122 | 130.00 | 1 | 4 | 0.00 | 0.00 |
| Mythology | 0 | 4 | 1 | 1 | 35 | 80 | 106.75 | 2 | 4 | 0.00 | 0.00 |
| Literature - European | 1 | 2 | 0 | 0 | 35 | 63 | 111.00 | 1 | 3 | 0.00 | 0.00 |
| Literature - World | 1 | 2 | 0 | 0 | 35 | 27 | 68.67 | 3 | 3 | 0.00 | 0.00 |
| Science - Other | 0 | 3 | 0 | 0 | 30 | 72 | 86.33 | 2 | 3 | 0.00 | 0.00 |
| Philosophy | 0 | 2 | 0 | 1 | 20 | 55 | 96.50 | 1 | 2 | 0.00 | 0.00 |
| Literature - British | 0 | 2 | 0 | 0 | 20 | 91 | 102.50 | 0 | 2 | 0.00 | 0.00 |
| Fine Arts - Other | 0 | 1 | 0 | 0 | 10 | 99 | 99.00 | 0 | 1 | 0.00 | 0.00 |
| Pop Culture | 0 | 1 | 0 | 0 | 10 | 100 | 100.00 | 1 | 1 | 0.00 | 0.00 |
| Science - Chemistry | 0 | 1 | 0 | 0 | 10 | 97 | 97.00 | 1 | 1 | 0.00 | 0.00 |
| Literature - American | 0 | 1 | 0 | 0 | 10 | 97 | 97.00 | 1 | 1 | 0.00 | 0.00 |
| Science - Physics | 0 | 2 | 3 | 1 | 5 | 88 | 110.50 | 1 | 2 | 0.00 | 0.00 |
| History - Other | 0 | 0 | 1 | 0 | -5 | 0.00 | 0 | 0 | 0.00 | 0.00 | |
| Social Science | 0 | 0 | 2 | 0 | -10 | 0.00 | 0 | 0 | 0.00 | 0.00 |